| 000 | 00720nmc a2200277 a 4500 | ||
|---|---|---|---|
| 003 | AR-BaBNM | ||
| 005 | 20251128210715.0 | ||
| 008 | 111020s1999 ||||||||||||||000 | spa|| | ||
| 020 | _a950-739-807-4 | ||
| 040 | _cAR-BaBNM | ||
| 100 | 1 | _aGoethe, Johann Wolfgang von | |
| 245 | 1 | 0 | _aFragmentos del saber superior |
| 260 |
_aBuenos Aires _bErrepar _c1999 |
||
| 300 | 0 |
_a187 p. _bil. |
|
| 490 | 0 |
_aClásicos de bolsillo _vv. 44 |
|
| 650 | 4 | _aROMANTICISMO | |
| 650 | 4 | _aLITERATURA ALEMANA | |
| 650 | 4 | _aESCRITORES | |
| 650 | 4 | _aANTOLOGIAS | |
| 650 | 4 | _aFILOSOFIA LITERARIA | |
| 650 | 4 | _aLITERATURA MODERNA | |
| 655 | _aLITERATURA | ||
| 700 | 1 |
_aTummer, Lía _eprologuista |
|
| 942 | _cBK | ||
| 998 | _cMARTIN | ||
| 999 |
_c16537 _d16537 |
||